| 000 | 00619nam a2200193Ia 4500 | ||
|---|---|---|---|
| 008 | 230921s9999||||xx |||||||||||||| ||und|| | ||
| 020 | _a978-3-319-12203-8 | ||
| 022 | _a2192-3701 | ||
| 041 | _aEN | ||
| 100 | _aMichele Battle-Fisher | ||
| 245 | 0 | _aApplication of Systems Thinking to Health Policy & Public Health Ethics | |
| 250 | _a2015 | ||
| 260 |
_c2015 _bSpringer International Publishing |
||
| 300 | _b0 | ||
| 440 | _aSpringerBriefs in Public Health | ||
| 856 | _uhttps://doi.org/10.1007/978-3-319-12203-8 | ||
| 856 | _uhttps://link.springer.com/openurl?genre=book&isbn=978-3-319-12203-8 | ||
| 942 | _cEB | ||
| 999 |
_c279529 _d279529 |
||